Processus de Markov
Αποθηκεύτηκε σε:
| Κύριος συγγραφέας: | |
|---|---|
| Μορφή: | Βιβλίο |
| Γλώσσα: | French |
| Δημοσίευση: |
Berlin :
Springer-Verlag,
1967
|
| Σειρά: | Lecture notes in mathematics (Springer-Verlag)
; 26 |
| Θέματα: | |
| Ετικέτες: |
Προσθήκη ετικέτας
Δεν υπάρχουν, Καταχωρήστε ετικέτα πρώτοι!
|
MARC
| LEADER | 00000nam a2200000 i 4500 | ||
|---|---|---|---|
| 001 | 1/36620 | ||
| 008 | 941103s1967 fre d | ||
| 035 | |a 1993 |l 10040289 | ||
| 040 | |a GR-MY-UA |b gre |e aacr | ||
| 041 | 0 | |a fre | |
| 082 | 0 | |a 519.233 | |
| 100 | 1 | |a Meyer, Paul Andre. | |
| 245 | 1 | 0 | |a Processus de Markov / |c Paul-Andre Meyer |
| 260 | |a Berlin : |b Springer-Verlag, |c 1967 | ||
| 300 | |a 189 p.; |c 28 cm. | ||
| 490 | 1 | |a Lecture notes in mathematics (Springer-Verlag) |v ; 26 | |
| 500 | |a Includes bibliography | ||
| 650 | 0 | 0 | |a Markov processes. |
| 650 | 0 | 0 | |a Potential theory (Mathematics) |
| 830 | 0 | |a Lecture notes in mathematics (Springer-Verlag) |v ; 26 | |
| 852 | |a INST |b SAMOS |e 19941103 |h 519.233 MEY |p 005300008117 |q 005300008117 |t BK |y 0 | ||
| 909 | |a Σ |b 028801 | ||